The painter's handbook /

Bibliographic Details
Main Author: Gottsegen, Mark David
Format: Book
Language:English
Published: New York : Watson-Guptill Publications, 1993.
Subjects:

MARC

Tag First Indicator Second Indicator Subfields
LEADER 00000cam a2200000 a 4500
001 in00001161321
005 20151001075226.0
008 930302s1993 nyua bf 001 0 eng
010 |a  93014996  
020 |a 0823030032 :  |c $24.95 
035 |a (OCoLC)27811806 
035 |9 AGF0564AM 
040 |a DLC  |c DLC  |d TXA  |d UtOrBLW 
049 |a TXAM 
050 0 0 |a ND1500  |b .G6155 1993 
082 0 0 |a 751  |2 20 
100 1 |a Gottsegen, Mark David. 
245 1 4 |a The painter's handbook /  |c Mark D. Gottsegen. 
264 1 |a New York :  |b Watson-Guptill Publications,  |c 1993. 
300 |a 320 pages :  |b illustrations ;  |c 26 cm. 
336 |a text  |b txt  |2 rdacontent 
337 |a unmediated  |b n  |2 rdamedia 
338 |a volume  |b nc  |2 rdacarrier 
504 |a Includes bibliographical references (pages 313-314) and index. 
650 0 |a Painting  |x Handbooks, manuals, etc. 
999 |a MARS 
999 f f |s bb4522f0-1c1a-3bf6-85da-3f07edd2c60f  |i 03f8dd63-2550-377e-8852-91eb7dbfd269  |t 0 
952 f f |p normal  |a Texas A&M University  |b College Station  |c Sterling C. Evans Library  |d Evans: Library Stacks  |t 0  |e ND1500 .G6155 1993  |h Library of Congress classification  |i unmediated -- volume  |m A14818194242 
998 f f |a ND1500 .G6155 1993  |t 0  |l Evans: Library Stacks